000 00920nas a2200289 4500
001 BR0904097
003 BR-BrBNA
005 20231205113237.0
007 ta
008 230509b bl.|||p| |||| 00| 00por d
040 _aBR-BrBNA
_bpor
_cBiblioteca Nacional de Agricultura
041 _a(Pt)
072 _aH10; L50
100 1 _aLeite, L.G.
100 1 _aAlves, S.B.
100 1 _aBatista Filho, A.
100 1 _aAlmeida, J.E.M.
100 1 _aRoberto, D.W.
245 1 _aPreservação de Micélio de Batkoa sp e Furia Sp (Entomophthorales)em combinação com dessecantes e redutores de oxigênio.
650 _aMICÉLIO
650 _aBATKOA
650 _aFURIA
650 _aOXIGÊNIO
773 0 _tRevista de Sanidade Animal, Vegetal e Proteção Ambiental (Brazil)
_xISSN 0020-3653
_g(Jul-Sep 2002), v. 69(3) p. 117-122
_wBR0904097
909 _a202311
_bLúcia
_c55
_dLúcia Elande
942 _2AGRIS
_n0
_cANA
999 _c202660
_d202660